Invincible - Pop Smoke (All Lyrics) - Statistics

General Stats
  • This quiz has been taken 5 times
  • The average score is 215 of 400
Answer Stats
Answer % Correct
50
100%
a
100%
bitch
100%
bitch)
100%
feel
100%
for
100%
fuck
100%
G,
100%
go
100%
I
100%
"I
100%
I'm
100%
(I'm
100%
in
100%
invincible
100%
invincible"
100%
it
100%
nigga,
100%
nigga
100%
on),
100%
on
100%
pop
100%
Pop
100%
said
100%
said,
100%
Smoke,
100%
Smoke
100%
the
100%
Yeah (ahaha, oh-oh-oh),
100%
you
100%
and
67%
at
67%
back
67%
(back)
67%
(bah)
67%
(Baow)
67%
(baow)
67%
can
67%
city,
67%
did
67%
feelin'
67%
gettin'
67%
got
67%
horny
67%
horny),
67%
it's
67%
know
67%
like,
67%
like
67%
niggas
67%
opp
67%
(opp)
67%
"Papi,
67%
Perc',
67%
run
67%
shit
67%
shoot
67%
They
67%
they
67%
to?"
67%
to
67%
(To, to)
67%
two
67%
(uh)
67%
(uh),
67%
Uh-uh (woo) yeah
67%
(Uh-uh) yeah, yeah,
67%
wait
67%
what
67%
What
67%
Woo, woo, yeah (to-to, grrt, grrt)
67%
85
33%
aimin'
33%
ask
33%
be
33%
but
33%
Citi
33%
corny
33%
(corny)
33%
dick
33%
Diddy
33%
edit
33%
'em
33%
'em),
33%
goin'
33%
(haha, hahaha)
33%
he
33%
(hol'
33%
me?)
33%
me
33%
me?
33%
moon
33%
(moon)
33%
my
33%
no
33%
off
33%
party,
33%
percolated
33%
(percolated
33%
retarded,
33%
spent
33%
stars
33%
Tell
33%
tellin'
33%
these
33%
tricks
33%
up
33%
walk
33%
who
33%
(woo),
33%
(woo)
33%
Woo
33%
(yeah),
33%
yeah, yeah (baow)
33%
yeah, yeah, yeah
33%
250
0%
50
0%
any
0%
artillery
0%
(ayo
0%
bag
0%
bust
0%
'cause
0%
change
0%
Cig)
0%
Clue
0%
(Clue),
0%
Crip
0%
DJ
0%
don't
0%
Double
0%
enemy,
0%
Energy
0%
energy
0%
everybody
0%
everything
0%
give
0%
givin'
0%
(grrt)
0%
Hennessy,
0%
her
0%
hope
0%
Horry
0%
(Horry)
0%
hunnid
0%
just
0%
lotta
0%
medic,
0%
(nah)
0%
(nah),
0%
nothin'
0%
or
0%
percolator
0%
Perky
0%
play
0%
raw,
0%
remember
0%
Robert
0%
Send
0%
shootin'
0%
shots
0%
show
0%
SpinKing
0%
spot
0%
talk
0%
TD,
0%
that
0%
then
0%
this
0%
threat,
0%
through
0%
throw
0%
turn
0%
walkin'
0%
while
0%
with
0%
Woos
0%
wrist,
0%
(Yoz,
0%
No matching quizzes found
Score Distribution
Percent of People with Each Score
Percentile by Number Answered
Your Score History
You have not taken this quiz